| 000 | 00770nam a2200253 i 4500 | ||
|---|---|---|---|
| 003 | DO-SdBNP | ||
| 005 | 20250618152336.0 | ||
| 007 | ta | ||
| 008 | 250618s1996 dr 000 p spa d | ||
| 040 |
_aDO-SdBNP _bspa _cBNPHU _erda |
||
| 082 |
_aRD861.44 _bC352s _222 |
||
| 100 | 1 |
_aCastillo Javier, Gerardo, _d1963- _91677 _eautor _4aut. |
|
| 245 | 1 | 0 |
_aSalmos apócrifos / _cGerardo Castillo Javier. |
| 264 |
_aSanto Domingo : _bEditora Zapata, _c1996. |
||
| 300 |
_a41 páginas ; _c21 cm. |
||
| 336 |
_atexto _btxt _2rdacontent |
||
| 337 |
_asin mediación _bn _2rdamedia |
||
| 338 |
_avolumen _bnc _2rdacarrier |
||
| 590 | _aInventariado, 2025/ YL | ||
| 650 | 0 |
_aPoesía dominicana _966 |
|
| 650 | 0 |
_aLiteratura dominicana. _967 |
|
| 910 | _aYLockward | ||
| 942 |
_2ddc _cLF2 |
||
| 999 |
_c59338 _d59338 |
||